[Event "GBR-ch 108th"]
[Site "Torquay"]
[Date "2022.08.13"]
[Round "1.21"]
[White "Rudd, Jack"]
[Black "Forster, Matthew"]
[Result "1-0"]
[WhiteElo "2318"]
[BlackElo "2058"]
[PlyCount "63"]
[EventDate "2022.08.13"]
[EventType "swiss"]
[EventRounds "9"]
[EventCountry "GBR"]
[SourceTitle "BritBase"]
[Source "John Saunders"]
[SourceDate "2022.08.22"]
[SourceVersion "1"]
[SourceVersionDate "2022.08.22"]
[SourceQuality "2"]

1. d4 d5 2. c4 dxc4 3. Nf3 Nf6 4. e3 e6 5. Bxc4 a6 6. O-O b5 7. Bd3 Bb7 8. a4
b4 9. Qc2 Nbd7 10. Nbd2 h6 11. Nc4 Bxf3 12. gxf3 c5 13. Kh1 Rc8 14. Qe2 cxd4
15. exd4 Qc7 16. Bd2 Nd5 17. Rac1 Qb8 18. Na5 Rxc1 19. Rxc1 Bd6 20. Nc6 Qa8 21.
Bxa6 Nf4 22. Qb5 O-O 23. Bb7 Qe8 24. Re1 f6 25. Bxf4 Bxf4 26. Re4 e5 27. Qxb4
Qh5 28. Ne7+ Kh7 29. Rxf4 exf4 30. Qd6 Rd8 31. Be4+ g6 32. Bxg6+ 1-0

[Event "GBR-ch 108th"]
[Site "Torquay"]
[Date "2022.08.13"]
[Round "1.22"]
[White "Horton, Justin"]
[Black "Toma, Katarzyna"]
[Result "0-1"]
[WhiteElo "2058"]
[BlackElo "2303"]
[PlyCount "54"]
[EventDate "2022.08.13"]
[EventType "swiss"]
[EventRounds "9"]
[EventCountry "GBR"]
[SourceTitle "BritBase"]
[Source "John Saunders"]
[SourceDate "2022.08.22"]
[SourceVersion "1"]
[SourceVersionDate "2022.08.22"]
[SourceQuality "2"]

1. d4 Nf6 2. Nf3 g6 3. c4 Bg7 4. g3 O-O 5. Bg2 d5 6. cxd5 Nxd5 7. O-O Nb6 8.
Nc3 Nc6 9. d5 Na5 10. e4 c6 11. Re1 Re8 12. Nd4 cxd5 13. exd5 Nac4 14. a4 a5
15. b3 Nd6 16. Ba3 Bd7 17. Qd2 Rc8 18. Rac1 Na8 19. Bf1 Qb6 20. Ncb5 Rxc1 21.
Rxc1 Rc8 22. Rxc8+ Nxc8 23. Qe3 Nc7 24. Bc4 Nxb5 25. Nxb5 Qf6 26. Kg2 h5 27.
Qf3 Bh3+ 0-1

[Event "GBR-ch 108th"]
[Site "Torquay"]
[Date "2022.08.13"]
[Round "1.23"]
[White "Merriman, John"]
[Black "Ethelontis, Alexandros N"]
[Result "1/2-1/2"]
[WhiteElo "2297"]
[BlackElo "2055"]
[PlyCount "70"]
[EventDate "2022.08.13"]
[EventType "swiss"]
[EventRounds "9"]
[EventCountry "GBR"]
[SourceTitle "BritBase"]
[Source "John Saunders"]
[SourceDate "2022.08.22"]
[SourceVersion "1"]
[SourceVersionDate "2022.08.22"]
[SourceQuality "2"]

1. d4 Nf6 2. c4 e6 3. Nc3 Bb4 4. e3 Ne4 5. Nge2 O-O 6. Bd2 Nxd2 7. Qxd2 d5 8.
a3 Be7 9. Nf4 c6 10. cxd5 cxd5 11. Bd3 Nc6 12. O-O Bd6 13. Nce2 Qh4 14. g3 Qh6
15. f3 Rd8 16. Rac1 e5 17. dxe5 Bxe5 18. Rc5 Be6 19. Bb5 Bd6 20. Rc3 Ne5 21.
Nd4 a6 22. Be2 b5 23. Qc2 Nc4 24. Rd1 Qf6 25. Kf2 Qh6 26. h4 g5 27. Ng2 gxh4
28. gxh4 Rac8 29. Rg1 Kh8 30. Nf5 Bxf5 31. Qxf5 Qe6 32. Qh5 Nxb2 33. Rb3 Rc2
34. Ne1 Nd1+ 35. Kf1 Nxe3+ 1/2-1/2

[Event "GBR-ch 108th"]
[Site "Torquay"]
[Date "2022.08.13"]
[Round "1.24"]
[White "Ashworth, Michael"]
[Black "Richardson, John R"]
[Result "0-1"]
[WhiteElo "2039"]
[BlackElo "2296"]
[PlyCount "54"]
[EventDate "2022.08.13"]
[EventType "swiss"]
[EventRounds "9"]
[EventCountry "GBR"]
[SourceTitle "BritBase"]
[Source "John Saunders"]
[SourceDate "2022.08.22"]
[SourceVersion "1"]
[SourceVersionDate "2022.08.22"]
[SourceQuality "2"]

1. d4 d5 2. c4 c6 3. Nf3 Nf6 4. Nc3 e6 5. Bg5 Nbd7 6. e3 Qa5 7. Nd2 dxc4 8.
Bxf6 Nxf6 9. Nxc4 Qc7 10. Be2 Be7 11. O-O O-O 12. Rc1 Rd8 13. Qc2 Bd7 14. Rfd1
c5 15. dxc5 Qxc5 16. Ne4 Nxe4 17. Qxe4 Bc6 18. Qe5 Rd5 19. Qc3 Bf6 20. Qc2
Rxd1+ 21. Rxd1 b5 22. Na3 Qxc2 23. Nxc2 Bxb2 24. Bxb5 Bxb5 25. Rb1 Rd8 26. h3
Be5 27. f4 Ba4 0-1

[Event "GBR-ch 108th"]
[Site "Torquay"]
[Date "2022.08.13"]
[Round "1.25"]
[White "Lan Yao"]
[Black "Finn, Peter"]
[Result "1-0"]
[WhiteElo "2274"]
[BlackElo "2033"]
[PlyCount "57"]
[EventDate "2022.08.13"]
[EventType "swiss"]
[EventRounds "9"]
[EventCountry "GBR"]
[SourceTitle "BritBase"]
[Source "John Saunders"]
[SourceDate "2022.08.22"]
[SourceVersion "1"]
[SourceVersionDate "2022.08.22"]
[SourceQuality "2"]

1. e4 e6 2. d4 d5 3. Nc3 Nf6 4. e5 Nfd7 5. f4 c5 6. Nf3 Nc6 7. Be3 cxd4 8. Nxd4
Qb6 9. Qd2 Qxb2 10. Rb1 Qa3 11. Bb5 Nxd4 12. Bxd4 a6 13. Bxd7+ Bxd7 14. Rb3 Qe7
15. Rxb7 Qd8 16. O-O Qc8 17. Rfb1 Bc5 18. f5 Bb5 19. Nxb5 axb5 20. R7xb5 Bxd4+
21. Qxd4 O-O 22. Rc5 Qa6 23. f6 Qxa2 24. Rf1 Rfc8 25. Qe3 gxf6 26. exf6 Kh8 27.
Qh6 Rg8 28. Rc7 Ra7 29. Rc8 1-0

[Event "GBR-ch 108th"]
[Site "Torquay"]
[Date "2022.08.13"]
[Round "1.26"]
[White "Pollack, Oscar"]
[Black "Zapolskis, Antanas"]
[Result "0-1"]
[WhiteElo "2020"]
[BlackElo "2266"]
[PlyCount "86"]
[EventDate "2022.08.13"]
[EventType "swiss"]
[EventRounds "9"]
[EventCountry "GBR"]
[SourceTitle "BritBase"]
[Source "John Saunders"]
[SourceDate "2022.08.22"]
[SourceVersion "1"]
[SourceVersionDate "2022.08.22"]
[SourceQuality "2"]

1. d4 d5 2. Nf3 c6 3. e3 Bg4 4. h3 Bh5 5. Be2 Nd7 6. b3 e6 7. Bb2 Ngf6 8. Nbd2
Bd6 9. O-O O-O 10. Ne5 Bxe2 11. Qxe2 Qc7 12. Nxd7 Qxd7 13. c4 Rfe8 14. e4 dxe4
15. Nxe4 Nxe4 16. Qxe4 Be7 17. Rad1 Bf6 18. Qg4 Rad8 19. Bc1 Qe7 20. Rfe1 Qb4
21. Re3 Qa5 22. Rf3 h5 23. Qe4 Qxa2 24. Rxf6 Qxb3 25. Qf3 Qc2 26. Rf4 e5 27.
Rh4 g6 28. Bh6 e4 29. Rxe4 Rxe4 30. Rc1 Qxc1+ 31. Bxc1 Re1+ 32. Kh2 Rxc1 33.
Qf6 Re8 34. d5 cxd5 35. cxd5 Rd1 36. Qd6 Re2 37. Qb8+ Kg7 38. d6 Rxf2 39. Qxa7
Rdd2 40. d7 Rxg2+ 41. Kh1 Rge2 42. Qa1+ Kh7 43. Qf1 Re7 0-1

[Event "GBR-ch 108th"]
[Site "Torquay"]
[Date "2022.08.13"]
[Round "1.27"]
[White "Domenech, Vianney"]
[Black "Rathbone-Jones, Ifan"]
[Result "1-0"]
[WhiteElo "2258"]
[BlackElo "2006"]
[PlyCount "69"]
[EventDate "2022.08.13"]
[EventType "swiss"]
[EventRounds "9"]
[EventCountry "GBR"]
[SourceTitle "BritBase"]
[Source "John Saunders"]
[SourceDate "2022.08.22"]
[SourceVersion "1"]
[SourceVersionDate "2022.08.22"]
[SourceQuality "2"]

1. d4 d5 2. Bf4 c5 3. e3 cxd4 4. exd4 Nc6 5. Nc3 Bf5 6. Nf3 Nf6 7. Ne5 e6 8. g4
Nxe5 9. dxe5 Nxg4 10. Bb5+ Ke7 11. f3 Nh6 12. Qd4 Qb6 13. Bg5+ f6 14. exf6+ Kf7
15. Qh4 gxf6 16. Bxh6 Bxh6 17. Qxh6 a6 18. O-O-O axb5 19. Qf4 Qc5 20. Rxd5 exd5
21. Qxf5 Qe3+ 22. Kb1 Qe6 23. Qh5+ Kf8 24. Nxd5 f5 25. c4 Rc8 26. Nf4 Qe5 27.
Qh6+ Kf7 28. Rd1 Rxc4 29. Qh5+ Kf8 30. Rd8+ Ke7 31. Qg5+ Kf7 32. Rd7+ Kf8 33.
Qd8+ Qe8 34. Ne6+ Kg8 35. Rg7# 1-0

[Event "GBR-ch 108th"]
[Site "Torquay"]
[Date "2022.08.13"]
[Round "1.28"]
[White "Donaldson, Thomas"]
[Black "Dishman, Stephen"]
[Result "1/2-1/2"]
[WhiteElo "1982"]
[BlackElo "2248"]
[PlyCount "107"]
[EventDate "2022.08.13"]
[EventType "swiss"]
[EventRounds "9"]
[EventCountry "GBR"]
[SourceTitle "BritBase"]
[Source "John Saunders"]
[SourceDate "2022.08.22"]
[SourceVersion "1"]
[SourceVersionDate "2022.08.22"]
[SourceQuality "2"]

1. e4 c6 2. d4 d5 3. exd5 cxd5 4. c4 Nf6 5. Nc3 Nc6 6. Nf3 Bg4 7. cxd5 Nxd5 8.
Qb3 Bxf3 9. gxf3 e6 10. Qxb7 Nxd4 11. Bb5+ Nxb5 12. Qc6+ Ke7 13. Qxb5 Qd7 14.
Qxd7+ Kxd7 15. Nxd5 exd5 16. Be3 Ke6 17. O-O-O Bb4 18. Rd3 a5 19. Bd4 f6 20. a3
Rhc8+ 21. Kb1 Bc5 22. Be3 Bxe3 23. fxe3 Rc4 24. Rc1 Rac8 25. Rxc4 Rxc4 26. b3
Rh4 27. Rd2 Rh3 28. Rf2 d4 29. e4 f5 30. exf5+ Kxf5 31. Kc2 Ke5 32. Kd3 Kd5 33.
b4 axb4 34. axb4 g5 35. b5 Rh4 36. Rb2 Rf4 37. Ke2 Rf7 38. b6 Kc6 39. Rb4 Kb7
40. Rxd4 Kxb6 41. Rd5 Rg7 42. Kf2 Kc6 43. Ra5 Kd6 44. Kg3 h5 45. Ra6+ Ke5 46.
Rh6 Ra7 47. Rxh5 Kf6 48. Rh6+ Kf5 49. Rb6 Ra4 50. Rb8 Rc4 51. Rf8+ Kg6 52. Re8
Kf5 53. Re4 Rc1 54. Ra4 1/2-1/2

[Event "GBR-ch 108th"]
[Site "Torquay"]
[Date "2022.08.13"]
[Round "1.29"]
[White "Turner, Max N"]
[Black "Salmons, Calum"]
[Result "1-0"]
[WhiteElo "2247"]
[BlackElo "1944"]
[PlyCount "141"]
[EventDate "2022.08.13"]
[EventType "swiss"]
[EventRounds "9"]
[EventCountry "GBR"]
[SourceTitle "BritBase"]
[Source "John Saunders"]
[SourceDate "2022.08.22"]
[SourceVersion "1"]
[SourceVersionDate "2022.08.22"]
[SourceQuality "2"]

1. d4 d5 2. c4 c6 3. Nf3 Nf6 4. e3 Bf5 5. Nc3 e6 6. Nh4 Bg6 7. Qb3 Qb6 8. Nxg6
hxg6 9. g3 Nbd7 10. Bg2 Be7 11. O-O O-O 12. Rd1 Qxb3 13. axb3 Nb6 14. Bf1 a6
15. c5 Nbd7 16. f4 Ne4 17. Bd3 f5 18. Nxe4 dxe4 19. Be2 Nf6 20. h4 Kf7 21. Bd2
Rh8 22. Kg2 Nd5 23. Rh1 Rh6 24. Rh3 Rah8 25. Rah1 R6h7 26. Bf1 Rh6 27. Bc4 Bd8
28. Bxd5 exd5 29. Rf1 Ke6 30. Rhh1 Bc7 31. Ra1 Rb8 32. Ba5 Bxa5 33. Rxa5 Rbh8
34. Ra4 Kd7 35. Rb4 Kc7 36. Rb6 R6h7 37. Ra1 Rh6 38. Rb4 R6h7 39. Rba4 Rh6 40.
Rg1 Kd7 41. Raa1 Rh5 42. Kf2 R8h7 43. Ke2 Rh8 44. Kd2 R5h7 45. Kc3 Kc7 46. Rg2
Rf8 47. Rag1 Rf7 48. Kb4 b6 49. g4 Kb7 50. gxf5 gxf5 51. Rg6 a5+ 52. Kc3 b5 53.
b4 a4 54. Rh1 Rf8 55. Re6 Rf7 56. Kd2 Kc7 57. Ke2 Rh8 58. Kf2 Kd7 59. Rd6+ Kc7
60. Rg6 Kd7 61. h5 Kc7 62. Kg3 Kb7 63. Kh4 Rh6 64. Rhg1 Rh7 65. Re6 Rh6 66.
Rgg6 Rxg6 67. hxg6 Rf8 68. Re7+ Kc8 69. Rxg7 Rh8+ 70. Rh7 Rg8 71. Kg5 1-0

[Event "GBR-ch 108th"]
[Site "Torquay"]
[Date "2022.08.14"]
[Round "2.1"]
[White "Eggleston, David J"]
[Black "Pert, Nicholas"]
[Result "1/2-1/2"]
[WhiteElo "2331"]
[BlackElo "2537"]
[PlyCount "61"]
[EventDate "2022.08.13"]
[EventType "swiss"]
[EventRounds "9"]
[EventCountry "GBR"]
[SourceTitle "BritBase"]
[Source "John Saunders"]
[SourceDate "2022.08.22"]
[SourceVersion "1"]
[SourceVersionDate "2022.08.22"]
[SourceQuality "2"]

1. e4 c5 2. Nf3 Nc6 3. d4 cxd4 4. Nxd4 e5 5. Nb5 d6 6. N1c3 a6 7. Na3 Be6 8.
Nc4 Rb8 9. Ne3 Nf6 10. Bd3 g6 11. O-O Bg7 12. Bc4 b5 13. Bxe6 fxe6 14. Ng4 Nxg4
15. Qxg4 Qd7 16. Be3 Nd4 17. Qd1 O-O 18. a4 bxa4 19. Nxa4 Qc6 20. c3 Nb5 21.
Qd3 d5 22. exd5 exd5 23. Nc5 Ra8 24. c4 d4 25. Nxa6 dxe3 26. cxb5 exf2+ 27.
Rxf2 Qb6 28. Qd5+ Kh8 29. Raf1 Rac8 30. g3 e4 31. Kg2 1/2-1/2

[Event "GBR-ch 108th"]
[Site "Torquay"]
[Date "2022.08.14"]
[Round "2.2"]
[White "Toma, Katarzyna"]
[Black "Emms, John M"]
[Result "0-1"]
[WhiteElo "2303"]
[BlackElo "2474"]
[PlyCount "88"]
[EventDate "2022.08.13"]
[EventType "swiss"]
[EventRounds "9"]
[EventCountry "GBR"]
[SourceTitle "BritBase"]
[Source "John Saunders"]
[SourceDate "2022.08.22"]
[SourceVersion "1"]
[SourceVersionDate "2022.08.22"]
[SourceQuality "2"]

1. e4 c5 2. Nf3 Nc6 3. d4 cxd4 4. Nxd4 g6 5. c4 Nf6 6. Nc3 d6 7. Be2 Nxd4 8.
Qxd4 Bg7 9. Be3 O-O 10. Qd2 a5 11. f3 a4 12. h4 Be6 13. Bd4 Qa5 14. Rc1 Rfc8
15. Nb5 Nh5 16. Bxg7 Kxg7 17. Qxa5 Rxa5 18. Kf2 Nf4 19. Nd4 Nxe2 20. Nxe6+ fxe6
21. Kxe2 Rac5 22. b3 axb3 23. axb3 b5 24. Kd3 d5 25. exd5 exd5 26. Rhe1 Kf6 27.
Kd4 dxc4 28. Re4 e5+ 29. Ke3 cxb3 30. Rb1 Rc3+ 31. Kf2 R8c4 32. Rxc4 Rxc4 33.
Ke3 Rc3+ 34. Ke4 Ke6 35. g4 Rc4+ 36. Kd3 Rf4 37. Ke3 Rb4 38. Rb2 h5 39. gxh5
gxh5 40. Kd3 Kf5 41. Kc3 Rxh4 42. Rxb3 b4+ 43. Kd3 Rd4+ 44. Ke3 Rc4 0-1

[Event "GBR-ch 108th"]
[Site "Torquay"]
[Date "2022.08.14"]
[Round "2.3"]
[White "Richardson, John R"]
[Black "Gormally, Daniel W"]
[Result "0-1"]
[WhiteElo "2296"]
[BlackElo "2466"]
[PlyCount "80"]
[EventDate "2022.08.13"]
[EventType "swiss"]
[EventRounds "9"]
[EventCountry "GBR"]
[SourceTitle "BritBase"]
[Source "John Saunders"]
[SourceDate "2022.08.22"]
[SourceVersion "1"]
[SourceVersionDate "2022.08.22"]
[SourceQuality "2"]

1. d4 Nf6 2. c4 e6 3. Nc3 Bb4 4. Qc2 c5 5. dxc5 Qc7 6. a3 Bxc5 7. Nf3 a6 8. Bg5
Be7 9. e3 d6 10. Be2 Nbd7 11. Rc1 b6 12. Nd2 Bb7 13. O-O O-O 14. Nce4 Rfc8 15.
Nxf6+ Bxf6 16. Bxf6 Nxf6 17. Qb1 Ra7 18. Rfd1 Qe7 19. Qd3 Bc6 20. Qb3 Nd7 21.
Rc3 Rac7 22. Bf3 h6 23. h3 Nc5 24. Qa2 Bxf3 25. Nxf3 Ne4 26. Rb3 Rxc4 27. Rxb6
Rc1 28. Qb3 R8c2 29. Re1 Rxe1+ 30. Nxe1 Rxf2 31. Rb4 Rf1+ 32. Kxf1 Nd2+ 33. Ke2
Nxb3 34. Rxb3 d5 35. Rc3 e5 36. b4 d4 37. Rc5 Qd6 38. e4 Qe6 39. Rd5 f5 40.
Rd8+ Kh7 0-1

[Event "GBR-ch 108th"]
[Site "Torquay"]
[Date "2022.08.14"]
[Round "2.4"]
[White "Kirk, Ezra"]
[Black "Rudd, Jack"]
[Result "1/2-1/2"]
[WhiteElo "2442"]
[BlackElo "2318"]
[PlyCount "153"]
[EventDate "2022.08.13"]
[EventType "swiss"]
[EventRounds "9"]
[EventCountry "GBR"]
[SourceTitle "BritBase"]
[Source "John Saunders"]
[SourceDate "2022.08.22"]
[SourceVersion "1"]
[SourceVersionDate "2022.08.22"]
[SourceQuality "2"]

1. d4 Nf6 2. Nf3 e6 3. Bf4 c5 4. e3 Nc6 5. Nbd2 Be7 6. Nc4 cxd4 7. exd4 d6 8.
c3 O-O 9. a4 b6 10. Bd3 Bb7 11. O-O Rc8 12. Re1 Na5 13. Nxa5 bxa5 14. Qe2 Qb6
15. Nd2 Rfe8 16. Nc4 Qd8 17. Rad1 Ba6 18. Bc1 Qc7 19. Ne3 Bxd3 20. Qxd3 d5 21.
f3 Qc6 22. Qc2 Nd7 23. Bd2 Bf6 24. Qd3 Rb8 25. Bc1 Qxa4 26. f4 Qb5 27. Qc2 g6
28. Ng4 Bg7 29. Ne5 Nb6 30. Re2 Nc4 31. Rf1 Rec8 32. g4 Nd6 33. f5 exf5 34.
gxf5 f6 35. Nd3 Nxf5 36. Rxf5 gxf5 37. Rg2 Rb7 38. Nf4 Re8 39. h3 Re4 40. Qf2
Rbe7 41. Kh2 Re1 42. Bd2 Rd1 43. Qf3 Rxd2 44. Rxd2 Re4 45. Qg3 Qb8 46. Nxd5
Qxg3+ 47. Kxg3 Kf7 48. Rf2 a4 49. Nf4 Bh6 50. Nd3 Re3+ 51. Rf3 f4+ 52. Kf2 Re8
53. Nxf4 Bxf4 54. Rxf4 Rb8 55. Rf5 Rxb2+ 56. Ke3 a3 57. Ra5 a2 58. d5 Ke7 59.
Kd4 Kd6 60. c4 Rd2+ 61. Kc3 Rh2 62. Ra6+ Ke5 63. d6 Rxh3+ 64. Kb2 Rh2+ 65. Ka1
Rd2 66. c5 Rd5 67. Rc6 h5 68. Rc8 h4 69. Re8+ Kd4 70. c6 Rxd6 71. c7 Rc6 72.
c8=Q Rxc8 73. Rxc8 f5 74. Rh8 f4 75. Rxh4 Ke3 76. Kxa2 f3 77. Kb3 1/2-1/2

[Event "GBR-ch 108th"]
[Site "Torquay"]
[Date "2022.08.14"]
[Round "2.5"]
[White "Arkell, Keith C"]
[Black "Lan Yao"]
[Result "1-0"]
[WhiteElo "2409"]
[BlackElo "2274"]
[PlyCount "53"]
[EventDate "2022.08.13"]
[EventType "swiss"]
[EventRounds "9"]
[EventCountry "GBR"]
[SourceTitle "BritBase"]
[Source "John Saunders"]
[SourceDate "2022.08.22"]
[SourceVersion "1"]
[SourceVersionDate "2022.08.22"]
[SourceQuality "2"]

1. c4 Nf6 2. Nc3 e6 3. Nf3 Bb4 4. g3 b6 5. Bg2 Bb7 6. O-O O-O 7. d3 Bxc3 8.
bxc3 d6 9. e4 Nbd7 10. Nd4 c5 11. Nc2 a6 12. a4 Qc7 13. Ne3 Bc6 14. f4 Rad8 15.
g4 Ne8 16. g5 Qb7 17. Qh5 g6 18. Qh6 Ng7 19. f5 exf5 20. exf5 gxf5 21. Nd5 Bxd5
22. Bxd5 Qc7 23. Rf3 Rfe8 24. g6 Ne5 25. gxf7+ Kh8 26. Rh3 Nf3+ 27. Bxf3 1-0

[Event "GBR-ch 108th"]
[Site "Torquay"]
[Date "2022.08.14"]
[Round "2.6"]
[White "Zapolskis, Antanas"]
[Black "Milchev, Nikolay"]
[Result "1/2-1/2"]
[WhiteElo "2266"]
[BlackElo "2408"]
[PlyCount "112"]
[EventDate "2022.08.13"]
[EventType "swiss"]
[EventRounds "9"]
[EventCountry "GBR"]
[SourceTitle "BritBase"]
[Source "John Saunders"]
[SourceDate "2022.08.22"]
[SourceVersion "1"]
[SourceVersionDate "2022.08.22"]
[SourceQuality "2"]

1. d4 d5 2. Nf3 Nf6 3. c3 c5 4. dxc5 e6 5. b4 a5 6. e3 axb4 7. cxb4 b6 8. Bb5+
Bd7 9. Bxd7+ Nfxd7 10. Bb2 bxc5 11. bxc5 Nxc5 12. O-O Na4 13. Bd4 Nc6 14. Nc3
Nxd4 15. Qxd4 Nxc3 16. Qxc3 Rc8 17. Qb2 Rb8 18. Qd4 f6 19. Rab1 Bd6 20. e4 dxe4
21. Qxe4 Kf7 22. Rfc1 Qd7 23. h4 g6 24. g3 Rhc8 25. Rxc8 Rxb1+ 26. Qxb1 Qxc8
27. a4 Bc5 28. Qb5 Qc7 29. Kg2 Qa7 30. g4 Bxf2 31. g5 Be3 32. a5 Qc7 33. a6
Qc2+ 34. Kh3 Qf5+ 35. Qxf5 gxf5 36. gxf6 Kxf6 37. Nd2 Ke7 38. Kg3 Kd7 39. Nc4
Bd4 40. Kf4 Kc6 41. h5 Kd5 42. Na3 Kc6 43. Nc4 h6 44. Na3 Bc5 45. Nc4 Bd4 46.
Na3 Bc5 47. Nc4 Kd5 48. Ne5 Ba7 49. Nf7 Bb8+ 50. Kf3 e5 51. Nxh6 e4+ 52. Ke2
Ke6 53. Nxf5 Kxf5 54. h6 Kg6 55. Ke3 Kxh6 56. Kxe4 Ba7 1/2-1/2

[Event "GBR-ch 108th"]
[Site "Torquay"]
[Date "2022.08.14"]
[Round "2.7"]
[White "Jackson, James P"]
[Black "Domenech, Vianney"]
[Result "1/2-1/2"]
[WhiteElo "2406"]
[BlackElo "2258"]
[PlyCount "165"]
[EventDate "2022.08.13"]
[EventType "swiss"]
[EventRounds "9"]
[EventCountry "GBR"]
[SourceTitle "BritBase"]
[Source "John Saunders"]
[SourceDate "2022.08.22"]
[SourceVersion "1"]
[SourceVersionDate "2022.08.22"]
[SourceQuality "2"]

1. e4 c5 2. Nf3 d6 3. d4 cxd4 4. Nxd4 Nf6 5. Nc3 a6 6. f3 e5 7. Nb3 Be6 8. Be3
Be7 9. Qd2 h5 10. a4 Nbd7 11. a5 Rc8 12. Be2 h4 13. Nd5 Bxd5 14. exd5 Nh5 15.
O-O O-O 16. c4 f5 17. f4 exf4 18. Bf2 Ndf6 19. Bxh5 Nxh5 20. Nd4 g5 21. Ne6 Qd7
22. Nxf8 Rxf8 23. Bd4 Bf6 24. Rae1 Qg7 25. Bxf6 Nxf6 26. Qd4 Ne4 27. Rxe4 fxe4
28. Qxe4 Qf6 29. h3 Rf7 30. Re1 Kg7 31. b3 Qc3 32. Rd1 Qxa5 33. Qd4+ Kg8 34.
Rd2 Re7 35. Kh2 Re5 36. c5 Qxc5 37. Qxc5 dxc5 38. d6 Re8 39. Rd5 Kf7 40. Rxg5
Ke6 41. Rxc5 Kxd6 42. Rc4 Rf8 43. Kg1 b5 44. Rc2 Rg8 45. Kf2 Kd5 46. b4 Rg3 47.
Ra2 Rg6 48. Rc2 Rc6 49. Re2 Rc3 50. Ra2 Kc4 51. Rxa6 Kxb4 52. Rh6 Ka3 53. Rxh4
Rc4 54. Rh8 b4 55. Ra8+ Kb2 56. h4 b3 57. h5 Kc1 58. h6 Rc7 59. Rb8 b2 60. Kf3
Rh7 61. Rc8+ Kd2 62. Rd8+ Kc2 63. Rc8+ Kd3 64. Rd8+ Kc3 65. Rc8+ Kb3 66. Rb8+
Kc2 67. Rc8+ Kb1 68. Rb8 Rxh6 69. Kxf4 Rc6 70. g4 Kc2 71. Kf5 b1=Q 72. Rxb1
Kxb1 73. g5 Kc2 74. g6 Kd3 75. g7 Rc8 76. Ke6 Ke4 77. Kf7 Rc7+ 78. Kf6 Rc6+ 79.
Kf7 Kf5 80. g8=Q Rc7+ 81. Kf8 Rc8+ 82. Kf7 Rxg8 83. Kxg8 1/2-1/2

[Event "GBR-ch 108th"]
[Site "Torquay"]
[Date "2022.08.14"]
[Round "2.8"]
[White "Eames, Robert S"]
[Black "Ward, Christopher"]
[Result "1-0"]
[WhiteElo "2112"]
[BlackElo "2402"]
[PlyCount "83"]
[EventDate "2022.08.13"]
[EventType "swiss"]
[EventRounds "9"]
[EventCountry "GBR"]
[SourceTitle "BritBase"]
[Source "John Saunders"]
[SourceDate "2022.08.22"]
[SourceVersion "1"]
[SourceVersionDate "2022.08.22"]
[SourceQuality "2"]

1. e4 c5 2. Nc3 g6 3. d4 cxd4 4. Qxd4 Nf6 5. Be3 Bg7 6. f3 Nc6 7. Qd2 O-O 8.
O-O-O Qa5 9. Kb1 d6 10. Nge2 b5 11. Nc1 b4 12. Nd5 Nxd5 13. exd5 Ne5 14. Bh6
Bxh6 15. Qxh6 Bf5 16. g4 Bxc2+ 17. Kxc2 Qa4+ 18. b3 Qa5 19. Kb1 Rac8 20. Bd3
Rc3 21. h4 Nxd3 22. Rxd3 Qb5 23. Rd2 f6 24. Ne2 Rxf3 25. Nd4 Qxd5 26. Re1 e5
27. Nxf3 Qxf3 28. Rxd6 Qxg4 29. Qd2 Rf7 30. Qf2 Kg7 31. Kb2 Qh3 32. Re3 Qg4 33.
Rf3 f5 34. Rg3 Qe4 35. h5 f4 36. Rh3 g5 37. h6+ Kg8 38. Rhd3 Qb7 39. Qc5 Re7
40. Qc4+ Kf8 41. Rd8+ Re8 42. Rxe8+ 1-0

[Event "GBR-ch 108th"]
[Site "Torquay"]
[Date "2022.08.14"]
[Round "2.9"]
[White "Grieve, Harry"]
[Black "Turner, Max N"]
[Result "1-0"]
[WhiteElo "2390"]
[BlackElo "2247"]
[PlyCount "113"]
[EventDate "2022.08.13"]
[EventType "swiss"]
[EventRounds "9"]
[EventCountry "GBR"]
[SourceTitle "BritBase"]
[Source "John Saunders"]
[SourceDate "2022.08.22"]
[SourceVersion "1"]
[SourceVersionDate "2022.08.22"]
[SourceQuality "2"]

1. e4 e5 2. Nf3 Nc6 3. Bc4 Bc5 4. c3 Nf6 5. d4 exd4 6. e5 d5 7. Bb5 Ne4 8. cxd4
Bb6 9. Nc3 O-O 10. Be3 Bg4 11. Rc1 Ne7 12. Bd3 f5 13. exf6 Nxf6 14. h3 Bh5 15.
O-O c6 16. Be2 Bxf3 17. Bxf3 Nf5 18. Re1 Qd6 19. Qd3 Nxe3 20. Rxe3 Qb4 21. Rd1
Rae8 22. Rxe8 Rxe8 23. Qd2 Qd6 24. g3 Qd7 25. Kg2 Qf5 26. Qd3 Qxd3 27. Rxd3 Kf7
28. Na4 Re7 29. Nxb6 axb6 30. a4 Ne4 31. Rb3 c5 32. Rxb6 cxd4 33. Rb4 Kf6 34.
Rxd4 Ke5 35. Rb4 Rc7 36. Bxe4 dxe4 37. Kf1 Kd5 38. Ke2 Rf7 39. h4 Ke5 40. Rc4
Kd5 41. Rc8 Rf3 42. Rc7 Rb3 43. Rxg7 Rxb2+ 44. Kf1 e3 45. fxe3 Ke4 46. Rxh7 Kf3
47. Rf7+ Kxg3 48. h5 Rh2 49. Rf5 Kg4 50. e4 Ra2 51. a5 Rh2 52. Kg1 Re2 53. h6
Rxe4 54. h7 Re8 55. Rb5 Kg3 56. Rb3+ Kg4 57. Rxb7 1-0

[Event "GBR-ch 108th"]
[Site "Torquay"]
[Date "2022.08.14"]
[Round "2.10"]
[White "Mulay, Partha"]
[Black "Derakhshani, Borna"]
[Result "0-1"]
[WhiteElo "1822"]
[BlackElo "2374"]
[PlyCount "78"]
[EventDate "2022.08.13"]
[EventType "swiss"]
[EventRounds "9"]
[EventCountry "GBR"]
[SourceTitle "BritBase"]
[Source "John Saunders"]
[SourceDate "2022.08.22"]
[SourceVersion "1"]
[SourceVersionDate "2022.08.22"]
[SourceQuality "2"]

1. e4 c6 2. d4 d5 3. exd5 cxd5 4. Bd3 Nf6 5. h3 Nc6 6. c3 g6 7. Bf4 Bf5 8. Bxf5
gxf5 9. Nf3 e6 10. Nbd2 Bd6 11. Bxd6 Qxd6 12. Qe2 Rg8 13. Rg1 Ne4 14. Qe3 O-O-O
15. O-O-O h5 16. Ne5 Rg7 17. g3 Rdg8 18. h4 Na5 19. Nd3 Qa6 20. Kb1 Kb8 21. Nf4
Rh7 22. Nxe4 fxe4 23. Qe2 Nc4 24. b3 Qb6 25. Kc2 Na3+ 26. Kb2 Qa5 27. Rc1 Rc8
28. Ka1 Rxc3 29. Qb2 Nb5 30. Ne2 Rxc1+ 31. Rxc1 Rh8 32. a4 Nd6 33. Qa3 Nf5 34.
b4 Qa6 35. b5 Qa5 36. Qb3 Nd6 37. Nc3 Rc8 38. Na2 Rxc1+ 39. Nxc1 Nc4 0-1

[Event "GBR-ch 108th"]
[Site "Torquay"]
[Date "2022.08.14"]
[Round "2.11"]
[White "Hebden, Mark L"]
[Black "Price, Gwilym"]
[Result "1/2-1/2"]
[WhiteElo "2476"]
[BlackElo "2129"]
[PlyCount "122"]
[EventDate "2022.08.13"]
[EventType "swiss"]
[EventRounds "9"]
[EventCountry "GBR"]
[SourceTitle "BritBase"]
[Source "John Saunders"]
[SourceDate "2022.08.22"]
[SourceVersion "1"]
[SourceVersionDate "2022.08.22"]
[SourceQuality "2"]

1. d4 Nf6 2. Nf3 g6 3. g3 Bg7 4. Bg2 O-O 5. O-O d6 6. c4 Nbd7 7. Nc3 e5 8. e4
a6 9. Qc2 exd4 10. Nxd4 Ne5 11. b3 c5 12. Nde2 Rb8 13. a4 Re8 14. h3 h6 15. Be3
Qe7 16. Rad1 Kh7 17. Nf4 Nc6 18. Rfe1 Nd7 19. Nfe2 Nf8 20. Nd5 Qd8 21. Ndf4 Qa5
22. Bd2 Nb4 23. Qc1 b5 24. Bc3 Bxc3 25. Qxc3 Qc7 26. Rd2 bxa4 27. bxa4 a5 28.
Red1 Rb6 29. Qa1 Ba6 30. Qc3 Nd7 31. Nc1 Ne5 32. Bf1 Rd8 33. Nb3 Qc6 34. Nd5
Nxd5 35. exd5 Qxa4 36. Nxa5 Qb4 37. Qxb4 Rxb4 38. Rc2 Rc8 39. Ra1 Nf3+ 40. Kg2
Nd4 41. Rca2 Bb7 42. f4 Rc7 43. h4 h5 44. Kf2 Bc8 45. Bd3 Kg7 46. Be4 Bd7 47.
Ke3 Kf6 48. Kd2 Rc8 49. Rb1 Rxb1 50. Bxb1 Rb8 51. Bd3 Ra8 52. Kc3 Nf5 53. Bxf5
Kxf5 54. Ra3 Kg4 55. Kd2 Bf5 56. Ke2 Ra7 57. Kf2 Be4 58. Ra1 Bd3 59. Ra3 Be4
60. Ra1 Bd3 61. Ra3 Be4 1/2-1/2